000 00509nam a2200181Ia 4500
008 151202s9999||||xx |||||||||||||| ||und||
082 _bPNVM-22010
100 _aBASU (A. K.).
245 _aFUNDAMENTALS OF BANKING THEORY & PRACTICE.
260 _b"A.MUKHERJEE & CO,."
260 _c1962
300 _a592
600 _aBASU (A. K.).
630 _aFUNDAMENTALS OF BANKING THEORY & PRACTICE.
700 _aBASU (A. K.).
730 _aFUNDAMENTALS OF BANKING THEORY & PRACTICE.
942 _cBOOK
999 _c1287985
_d1287982